00494 2200193 4500001002100000008004100021035002000062245007400082100002100156250000600177260003300183084001400216082000800230650001400238990001200252990001200264990001200276990001200288INLIS000000000001214 ind  a0010-0524000449 aKumpulan Soal-Soal Pembahasan Ujian 2011 SMA/MA IPScTim Study Center aTim Study Center a1 aJakarta :bWahyu Mediac2010 a300 TIM k a300 aNon Fiksi a0713984 a0713985 a0713986 a0713987